000 00886nam a2200253Ia 4500
008 130821s1998 ck gr spa
040 _aCo-BoUCM
_bspa
041 0 0 _aspa
100 _aLugari Castrillon, María
245 0 0 _aRégimen cambiario Colombiano Derecho de la moneda extranjera
_cMaría Lugari.
250 _a2a. ed.
260 _aBogotá (Cundinamarca, Colombia)
_bLegis
_c1998
300 _a292 páginas
504 _aIncluye bibliografía e índices.
630 _aDecreto 1735 de 1993
_95520
630 _aResolución externa 21 de 1993
_97098
650 0 4 _aCambio exterior
_zColombia
_910354
650 0 4 _aDerecho tributario
_912836
650 0 4 _aDerecho tributario
_zColombia
_912836
650 0 4 _aPolítica monetaria
_zColombia
_922001
700 _aLegis Editores
942 _cLIBRORESER
_2DEWEY
_a8
_e2
_h343.032
_mL84
999 _c26171
_d26171